| 000 | 00492nam a2200145Ia 4500 | ||
|---|---|---|---|
| 008 | 180921t1884 xxu||||| ||||o00| 0 eng d | ||
| 041 | _aeng | ||
| 245 | _aPapers Laid Before The Legislative Council of Ceylon During The Session of 1884 : Colombo Harbour Works.Report on The Proposed Graving Dock At Colombo : By Sir John Coode | ||
| 260 | _c1884 | ||
| 300 | _ap.11-14, 33 cm | ||
| 500 | _aSessional Paper ii-1884 | ||
| 942 | _cBK | ||
| 999 |
_c51373 _d51373 |
||
| 003 | LK-CoDNM | ||
| 040 |
_aLK-CoDNM _dLK-CoDNM _eLK-CoDNM |
||